<?xml version="1.0" encoding="UTF-8"?>
<marc:record xmlns:marc="http://www.loc.gov/MARC21/slim">
   <marc:leader>00000nam a2200000 a 4500</marc:leader>
   <marc:datafield ind1="1" ind2=" " tag="100">
      <marc:subfield code="a">Riordan, Rick</marc:subfield>
      <marc:subfield code="4">aut</marc:subfield>
      <marc:subfield code="e">Verfasser/-in</marc:subfield>
   </marc:datafield>
   <marc:datafield ind1=" " ind2=" " tag="653">
      <marc:subfield code="a">Antolin Jugendbuch</marc:subfield>
   </marc:datafield>
   <marc:datafield ind1="0" ind2="0" tag="245">
      <marc:subfield code="a">Helden des Olymp 02</marc:subfield>
   </marc:datafield>
   <marc:datafield ind1="0" ind2="0" tag="245">
      <marc:subfield code="b">Der Sohn des Neptun</marc:subfield>
   </marc:datafield>
   <marc:datafield ind1=" " ind2="1" tag="264">
      <marc:subfield code="b">Ed. Comic Art im Carlsen-Verl.</marc:subfield>
      <marc:subfield code="c">2013</marc:subfield>
   </marc:datafield>
   <marc:datafield ind1="1" ind2=" " tag="520">
      <marc:subfield code="a">Als Percy aus tiefem Schlaf erwacht, erinnert er sich an nichts - außer an den Namen eines Mädchens, Annabeth. Ständig wird er von Monstern angegriffen, die immer wieder vom Tod auferstehen. Als er sich in ein Camp für römische Halbgötter rettet, hat er keine Zeit mehr dazu, herumzurätseln, wer er ist: Mit seinen neuen Freunden Hazel und Frank muss er Thanatos, den Totengott, aus seiner Gefangenschaft befreien, um die Grenze zwischen Tod und Leben wieder zu stabilisieren. Und ihre abenteuerliche Reise führt sie bis ins Eis von Alaska à</marc:subfield>
   </marc:datafield>
   <marc:datafield ind1=" " ind2=" " tag="020">
      <marc:subfield code="a">9783551556028</marc:subfield>
      <marc:subfield code="9">9783551556028</marc:subfield>
   </marc:datafield>
</marc:record>
